000 01264nam a2200265Ia 4500
999 _c37630
_d37630
001 3602
003 GE_BSU
005 20190625145816.0
008 181216s2011||||ge |||||||||||||| ||ge ||
020 _a9789941103704
040 _cGE_BSU
041 _ageo
080 _a349.2 მ–54
245 _aშრომის სამართალი : სტატიათა კრებული :
_bკრ. 1 /
_cრედ. ვახტანგ ზაალიშვილი ; წინათქმა ბესარიონ ზოიძე
264 _aთბილისი :
_bმერიდიანი,
_c2011.
300 _a283 გვ. ;
_b20 სმ.
653 _aშრომის სამართალი
700 _aზაალიშვილი, ვახტანგ
_eავტორი
_92878
700 _aჩაჩავა, სოფიო
_eავტორი
_92879
700 _eავტორი
_92880
700 _aკვანტალიანი, ნუნუ და სხვ.
_eავტორი
_92881
700 _aზაალიშვილი, ვახტანგ
_eრედაქტორი
_92878
700 _aზოიძე, ბესარიონ
_eწინათქმა
_9243
942 _cBK
_2udc